LEADER 00943nam a2200241 u 4500 001 000000009981 003 CaOOAMICUS 005 20070226105250.0 008 940615s1956 it u000 u ita u 035 $a10248460 040 $aPUL$bita 100 1 $aCarnelutti, Francesco,$d1879-1965.$0(OLS)http://pul/name/9835 245 10$aInterpretazione di Capograssi /$cFrancesco Carnelutti. 260 $a[Firenze] :$bSansoni,$c[1956] 300 $a[5], 39 p. ;$c25 cm 490 1 $aQuaderni di San Giorgio ;$v4 830 0$aQuaderni di San Giorgio ;$v4.$0(OLS)http://pul/title/14612 850 $aPUL 852 $aPUL$W1$xDP1 Fondo Maccarrone$y58$m1514 C 26$j14169$nBK-PRI$b $qFondi$B14169$CPULBib$Z2$F14169 $H $81 941 1 $a1 961 $aINV: 3287.F.Maccarrone 996 $6245$aInterpretazione di Capograssi$9(OLS)http://pul/title/14614 996 $6260$a[Firenze] :$bSansoni$9(OLS)http://pul/publisher/50871 LEADER 01698nam a2200385 a 4500 001 000000138007 003 CaOOAMICUS 005 20140407124623.0 008 140407s2013 it u000 u ita r 020 $a978-88-10-55517-0 040 $aPUL$bita 041 1 $aita$heng 082 04$a282.092 100 1 $aArendt, Hannah,$d1906-1975.$0(OLS)http://pul/name/14845 245 13$aIl Papa cristiano :$bumanità e fede in Giovanni XXIII /$cHannah Arendt ; a cura di Paolo Costa. 260 $aBologna :$bEDB,$c©2013. 300 $a45 p. ;$c18 cm 490 1 $aSguardi 500 $aPubblicato originariamente in: The New York review of books, 10 (1965), n. 5-7, con il titolo: The Christian pope. 504 $aInclude riferimenti bibliografici. 600 04$aIohannes PP.$bXXIII,$cs.,$d1881-1963.$0(OLS)http://pul/subject/1939 700 1 $aCosta, Paolo,$d1966-$0(OLS)http://pul/name/53652 830 0$aSguardi (EDB).$0(OLS)http://pul/title/174362 850 $aPUL 852 $aPUL$W1$xSL Religione 3$y85$m282. 092 AREHA 1$j159073$qDDC 21$B158623$CPULBib$Z2$F158623 $H123788 $82 941 1 $a9 960 $aPapi (1958-1963 : Iohannes PP. XXIII)$91939 960 $aPapi (1958-1963 : Iohannes PP. XXIII)$91939 960 $aRoncalli, Angelo Giuseppe,$cs.,$d1881-1963$91939 960 $aGiovanni$bXXIII,$cpapa, s.,$d1881-1963$91939 996 $6020$a978-88-10-55517-0$9(OLS)http://pul/number/154988 996 $6082$a282.092$9(OLS)http://pul/classification/402 996 $6245$aIl Papa cristiano :$bumanità e fede in Giovanni XXIII$9(OLS)http://pul/title/174745 996 $6260$aBologna :$bEDB$9(OLS)http://pul/publisher/56073